Criminology (Record no. 39193)

MARC details
000 -LEADER
fixed length control field 00578nam a2200169 a 4500
008 - FIXED-LENGTH DATA ELEMENTS--GENERAL INFORMATION
fixed length control field 160721s2007 ||||||||||||||||| || u
020 ## - INTERNATIONAL STANDARD BOOK NUMBER
International Standard Book Number 9781843922841
050 ## - LIBRARY OF CONGRESS CALL NUMBER
Classification number HV 6025 New
100 ## - MAIN ENTRY--PERSONAL NAME
Personal name Newburn Tim
245 10 - TITLE STATEMENT
Title Criminology
Statement of responsibility, etc. By Tim Newburn
260 ## - PUBLICATION, DISTRIBUTION, ETC.
Place of publication, distribution, etc. Portland
Name of publisher, distributor, etc. Willan Publishing
Date of publication, distribution, etc. 2007
300 ## - PHYSICAL DESCRIPTION
Extent xxvii, 1019
350 ## - PRICE (NR) (BK AM CF MU VM SE) [OBSOLETE]
Price 70.09
650 #0 - SUBJECT ADDED ENTRY--TOPICAL TERM
Topical term or geographic name entry element CRIMINOLOGY
650 ## - SUBJECT ADDED ENTRY--TOPICAL TERM
Topical term or geographic name entry element CRIMINOLOGY--UNITED STATES
995 ## - RECOMMENDATION 995 [LOCAL, UNIMARC FRANCE]
-- CBU-MAIN LIBRARY (Kitwe)
-- 70.09
-- 1
-- AVAILABLE
-- Aug 16, 2016
-- Main Library Open Access Collection
Holdings
Withdrawn status Lost status Source of classification or shelving scheme Damaged status Not for loan Home library Current library Shelving location Date acquired Total Checkouts Full call number Barcode Date last seen Price effective from Koha item type
          CBU-MAIN LIBRARY, KITWE. CBU-MAIN LIBRARY, KITWE.   11/30/2022   HV 6025 New 746297 11/30/2022 11/30/2022 MONOGRAPH